Lima y espacios públicos : (Registro nro. 16308)

Detalles MARC
000 -LEADER
campo de control de longitud fija 02819cam a22005414i 4500
003 - IDENTIFICADOR DE NÚMERO DE CONTROL
campo de control PE-LiUPU
005 - FECHA Y HORA DE LA ÚLTIMA TRANSACCIÓN
campo de control 20250731183356.0
008 - DATOS DE LONGITUD FIJA--INFORMACIÓN GENERAL
campo de control de longitud fija 150514s2013 pe a rb 00 0 spa d
020 ## - NÚMERO INTERNACIONAL ESTÁNDAR DEL LIBRO
Número Internacional Estándar del Libro 9786124057922
035 ## - NÚMERO DE CONTROL DEL SISTEMA
Número de control de sistema (Sirsi) i9786124057922
040 ## - FUENTE DE CATALOGACIÓN
Centro catalogador/agencia de origen PE-LiUPU
Lengua de catalogación spa
Centro/agencia transcriptor PE-LiUPU
Normas de descripción rda
041 1# - CÓDIGO DE IDIOMA
Código de lengua del texto/banda sonora o título independiente spa
Código de lengua original eng
049 ## - FONDOS LOCALES (OCLC)
Biblioteca depositaria PRUA
082 04 - NÚMERO DE LA CLASIFICACIÓN DECIMAL DEWEY
Número de clasificación 720.98525
Cutter L93
Número de edición 20
100 1# - ENTRADA PRINCIPAL--NOMBRE DE PERSONA
Nombre de persona Ludeña Urquizo, Wiley,
Término indicativo de función/relación autor.
245 10 - MENCIÓN DEL TÍTULO
Título Lima y espacios públicos :
Resto del título perfiles y estadística integrada 2010 /
Mención de responsabilidad, etc. Wiley Ludeña Urquizo.
250 ## - MENCION DE EDICION
Mención de edición Primera edición.
264 #1 - PRODUCCIÓN, PUBLICACIÓN, DISTRIBUCIÓN, FABRICACIÓN Y COPYRIGHT
Producción, publicación, distribución, fabricación y copyright Lima :
Nombre del de productor, editor, distribuidor, fabricante Pontificia Universidad Católica del Perú, Facultad de Arquitectura y Urbanismo, Oficina de Publicaciones,
Fecha de producción, publicación, distribución, fabricación o copyright 2013.
300 ## - DESCRIPCIÓN FÍSICA
Extensión 244, 60 páginas :
Otras características físicas ilustraciones ;
Dimensiones 30 centímetros
336 ## - TIPO DE CONTENIDO
Término de tipo de contenido text
Fuente rdacontent
337 ## - TIPO DE MEDIO
Nombre/término del tipo de medio unmediated
Fuente rdamedia
338 ## - TIPO DE SOPORTE
Nombre/término del tipo de soporte volume
Fuente rdacarrier
490 0# - MENCIÓN DE SERIE
Mención de serie Estudios urbanos
501 ## - NOTA DE CON
Nota de “Con” Con: Dossier. Lima, espacios públicos 2010-2014 : nuevos enfoques, nuevos espacios / Anna Zucchetti y José García Calderón.
504 ## - NOTA DE BIBLIOGRAFÍA, ETC.
Nota de bibliografía, etc. Bibliografía : páginas 223-233.
505 0# - NOTA DE CONTENIDO CON FORMATO
Nota de contenido con formato Espacio público. Definiciones de base -- Lima y espacio público. Variantes e invariantes -- Fundamentos de un nuevo "Territorio" del espacio público para Lima -- Espacio público y nuevo "Territorio". Tipologías y contenidos --
526 ## - NOTA DE INFORMACIÓN SOBRE EL PROGRAMA DE ESTUDIO
Nombre del programa Maestría Bim Facility Management (A distancia)
526 ## - NOTA DE INFORMACIÓN SOBRE EL PROGRAMA DE ESTUDIO
Nombre del programa
526 ## - NOTA DE INFORMACIÓN SOBRE EL PROGRAMA DE ESTUDIO
Nombre del programa Educación musical y artes
526 ## - NOTA DE INFORMACIÓN SOBRE EL PROGRAMA DE ESTUDIO
Nombre del programa Educación, especialidad educación física
526 ## - NOTA DE INFORMACIÓN SOBRE EL PROGRAMA DE ESTUDIO
Nombre del programa Arquitectura
541 ## - NOTA DE FUENTE DE ADQUISICIÓN DIRECTA
-- 003-000775;
541 ## - NOTA DE FUENTE DE ADQUISICIÓN DIRECTA
-- 003-001041
596 ## -
-- 1
610 24 - PUNTO DE ACCESO ADICIONAL DE MATERIA--NOMBRE DE ENTIDAD CORPORATIVA
Nombre de entidad corporativa o nombre de jurisdicción como elemento de entrada Municipalidad Metropolitana de Lima
Subdivisión general Proyectos.
650 14 - PUNTO DE ACCESO ADICIONAL DE MATERIA--TÉRMINO DE MATERIA
Término de materia o nombre geográfico como elemento de entrada Espacios públicos
Subdivisión geográfica Perú
-- Lima
Subdivisión general Inventarios.
650 24 - PUNTO DE ACCESO ADICIONAL DE MATERIA--TÉRMINO DE MATERIA
Término de materia o nombre geográfico como elemento de entrada Planificación urbana
Subdivisión geográfica Perú
-- Lima.
700 1# - ENTRADA AGREGADA--NOMBRE PERSONAL
Nombre de persona García Calderón, José.
700 1# - ENTRADA AGREGADA--NOMBRE PERSONAL
Nombre de persona Zucchetti, Anna.
740 1# - ENTRADA AGREGADA--TÍTULO RELACIONADO/ANALÍTICO NO CONTROLADO
Título relacionado o analítico no controlado Lima, espacios públicos 2010-2014 : nuevos enfoques, nuevos espacios
910 ## - DATOS DE OPCIÓN DEL USUARIO (OCLC)
Datos de opción del usuario cce
-- jck
-- cce
-- 20150514
942 ## - ELEMENTOS DE ENTRADA SECUNDARIOS (KOHA)
Fuente del sistema de clasificación o colocación Clasificación Decimal Dewey
Tipo de ítem Koha
949 ## - PROCESAMIENTO DE INFORMACIÓN LOCAL (OCLC)
a 720.98521 L93
w DEWEY
c 1
i 71060
d 2016-11-15
e 2016-11-13
l CCODEBUL1
m BUL
n 12
p 47.60
r 0
s Y
t BOOK
u 2015-5-14
x INGENIERIA
-- P06
0 COMPRA
o .STAFF. Colección General
949 ## - PROCESAMIENTO DE INFORMACIÓN LOCAL (OCLC)
a 720.98521 L93
w DEWEY
c 2
i 72255
d 2016-4-25
e 2016-4-24
l CCODEBUL1
m BUL
n 1
p 43.92
r 0
s Y
t BOOK
u 2016-1-6
x INGENIERIA
-- P06
0 COMPRA
o .STAFF. Colección General
994 ## -
-- C0
-- PEPRU
999 ## - NÚMEROS DE CONTROL DE SISTEMA (KOHA)
-- DEWEY
-- 71060
-- 2019-5-31
-- 2021-11-9
-- 6
-- CCODEBUL1
-- BUL
-- 16
-- 47.60
-- 1
-- 0
-- Y
-- BOOK
-- 2015-5-14
-- INGENIERIA
-- P06
-- COMPRA
-- .STAFF. Colección General
999 ## - NÚMEROS DE CONTROL DE SISTEMA (KOHA)
-- DEWEY
-- 72255
-- 2019-4-26
-- 2021-11-9
-- 7
-- CCODEBUL1
-- BUL
-- 13
-- 43.92
-- 6
-- 0
-- Y
-- BOOK
-- 2016-1-6
-- INGENIERIA
-- P06
-- COMPRA
-- .STAFF. Colección General
980 ## - EQUIVALENCIA O REFERENCIA-CRUZADA-MENCIÓN DE SERIE--NOMBRE DE PERSONA/TÍTULO [LOCAL, CANADÁ]
ID del último usuario que modificó el registro 1
Nombre del último usuario que modificó el registro ALBERTO SANCHEZ Responsable de Automatización
Existencias
Visto por última vez Número de inventario Total de préstamos Signatura topográfica completa Código de barras Fecha del último préstamo Copia número Coste, precio de reemplazo Fecha de reemplazo Facultad Tipo de ítem Koha Nota pública Estado de pérdida Fuente del sistema de clasificación o colocación Restricciones de uso No para préstamo Colección Programa académico Biblioteca de origen Biblioteca actual Ubicación en estantería Fecha de adquisición Fuente de adquisición Coste, precio normal de compra
2025-12-03 7 18 720.98521 L93 71060 2024-04-28 e1 52.60 2015-05-14 FIA Libros físicos inventario-2023-12-13 No Perdido Clasificación Decimal Dewey No restringido Disponible para préstamos Colección General Arquitectura Biblioteca CRAI UPeU Lima Biblioteca CRAI UPeU Lima Sala principal 2015-05-14 COMPRA 47.60
2025-12-03 8 13 720.98521 L93 72255 2019-04-26 e2 48.92 2016-01-06 FIA Libros físicos inventario-2023-12-13 No Perdido Clasificación Decimal Dewey No restringido Disponible para préstamos Colección General Arquitectura Biblioteca CRAI UPeU Lima Biblioteca CRAI UPeU Lima Sala principal 2016-01-06 COMPRA 43.92